000 00823nam a2200265Ia 4500
003 OSt
005 20220928124516.0
006 a|||||r|||| 00| 0
007 ta
008 220927b |||||||| |||| 00| 0 eng d
024 _a65498
037 _cTextual
040 _aSDCL
_cSDCL
_beng
041 _2eng
_aeng
082 _aV58:19(C9B3)'N9, N5
100 _aCochran Thomas B
_9465883
245 0 _aMaking the Russian bomb
_bFrom Stalin to Yeltsin
260 _aBoulder
_bWestview Press
_c1995
300 _axvi,318p
_ccm.
650 _aHistory Soviet Union Nuclear weapon
_9465884
700 _a Bukharin Oleg A
_9465885
700 _a Norris Robert S
_9465886
942 _hV58:19(C9B3)'N9, N5
_cTEXL
_2CC
999 _c778776
_d778776